| 000 | 00571nam a2200193 a 4500 | ||
|---|---|---|---|
| 005 | 20210219153145.0 | ||
| 008 | 991125n 000 0 spa u | ||
| 035 | _aUPN01000080896 | ||
| 100 | 1 | _aAlvarez, Luis | |
| 222 | _aREVISTA DE INVESTIGACION EDUCACIONAL | ||
| 245 | _aHacia una nueva clasificación de las oraciones modales = Towards a new classification of mode sentences | ||
| 300 | _a1-13 | ||
| 362 | 0 | _a1978 Vol. 14, no. 30 | |
| 653 | 0 | _aESPAÑOL (LENGUA) | |
| 653 | 0 | _aGRAMATICA | |
| 653 | 0 | _aLINGÜISTICA | |
| 904 |
_aAC _b018707 |
||
| 905 | _aArticulo | ||
| 999 |
_c69710 _d69710 |
||